Statistics for Countries Closest to Uzbekistan by first 2 letters

Click here to take the quiz!

General Stats

  • This quiz has been taken 87 times
  • The average score is 16 of 20

Answer Stats

kmcountrymiles% Correct
964Turkey599
97%
0Turkmenistan0
97%
108China67
94%
0Kazakhstan0
94%
0Kyrgyzstan0
94%
524Russia326
93%
617India384
90%
329Iran205
90%
1039Iraq646
90%
0Afghanistan0
89%
330Pakistan205
87%
0Tajikistan0
87%
484Azerbaijan301
85%
821Armenia510
83%
774Georgia481
83%
1466Nepal911
77%
1517Mongolia943
75%
1260Syria783
65%
1442Kuwait896
46%
1543Oman959
30%

Score Distribution

Percentile by Number Answered

Percent of People with Each Score

Your Score History

You have not taken this quiz